Name the Jack Higgins books featuring Sean Dillon Quiz Stats

 Plays Quiz not verified by Sporcle

Challenge
Share
Tweet
Embed
Score 0/20 Timer 06:00
0 Plays Today
% Correct
Thunder Point
66.7%
The President's Daughter
66.7%
Eye of the Storm
60%
Angel of Death
60%
The White House Connection
60%
Wolf at the Door
60%
Edge of Danger
53.3%
Midnight Runner
46.7%
The Judas Gate
46.7%
On Dangerous Ground
40%
% Correct
Day of Reckoning
40%
Bad Company
40%
Without Mercy
40%
The Killing Ground
33.3%
Dark Justice
26.7%
Rough Justice
26.7%
A Darker Place
26.7%
A Devil is Waiting
26.7%
The Death Trade
25%
Drink with the Devil
20%

You're not logged in!

Compare scores with friends on all Sporcle quizzes.
OR
Log In

You Might Also Like...

Show Comments

Extras

Created Feb 17, 2013ReportNominate
Tags:Book Quiz, dillon, featuring, jack, sean

Top Quizzes Today


Score Distribution

Your Account Isn't Verified!

In order to create a playlist on Sporcle, you need to verify the email address you used during registration. Go to your Sporcle Settings to finish the process.

Report this User

Report this user for behavior that violates our Community Guidelines.

Details: